<?xml version="1.0" encoding="UTF-8"?>
<collection xmlns="http://www.loc.gov/MARC21/slim">
<record>
  <controlfield tag="001">149773</controlfield>
  <controlfield tag="005">20251017144624.0</controlfield>
  <datafield tag="024" ind1="8" ind2=" ">
    <subfield code="2">sideral</subfield>
    <subfield code="a">142204</subfield>
  </datafield>
  <datafield tag="037" ind1=" " ind2=" ">
    <subfield code="a">ART-2006-142204</subfield>
  </datafield>
  <datafield tag="041" ind1=" " ind2=" ">
    <subfield code="a">eng</subfield>
  </datafield>
  <datafield tag="100" ind1=" " ind2=" ">
    <subfield code="a">Casas Cortés, María Isabel</subfield>
    <subfield code="0">(orcid)0000-0001-9390-4022</subfield>
  </datafield>
  <datafield tag="245" ind1=" " ind2=" ">
    <subfield code="a">World anthropologies network and activist research: towards building decolonial and feminist projects.</subfield>
  </datafield>
  <datafield tag="260" ind1=" " ind2=" ">
    <subfield code="c">2006</subfield>
  </datafield>
  <datafield tag="520" ind1="3" ind2=" ">
    <subfield code="a">The goal of this paper is to articulate a commonality between WAN and a particular activist research project, called Precarias a la Deriva. Acknoweledging their distinctive trajectories, I will try to illustrate possible points of articulation. While WAN is an explicit decolonial venture, Precarias a la Deriva is open about being a feminist project. However I believe that both initiatives share the following two traits: 1) a decolonial approach to knowledge production taking multiple sites of enunciation seriously as well as; 2) a radical feminist understanding of ways of creating a ‘common’ between singular experiences.
After a brief description of Precarias a la Deriva (PD) and the broader trend of activist research in which it is inserted, I will focus on the two traits I put foward are held in common between WAN and PD. I will follow with a brief discussion about how these de-colonial and feminist principles have been translated by other research initiatives, especially in the practice of ethnography. To conclude, I will present a research technique experimented by PD as a possible WAN methodology since it tries to enact those very de-colonial and feminist principles discussed through the paper.</subfield>
  </datafield>
  <datafield tag="540" ind1=" " ind2=" ">
    <subfield code="9">info:eu-repo/semantics/closedAccess</subfield>
    <subfield code="a">All rights reserved</subfield>
    <subfield code="u">http://www.europeana.eu/rights/rr-f/</subfield>
  </datafield>
  <datafield tag="655" ind1=" " ind2="4">
    <subfield code="a">info:eu-repo/semantics/article</subfield>
    <subfield code="v">info:eu-repo/semantics/publishedVersion</subfield>
  </datafield>
  <datafield tag="773" ind1=" " ind2=" ">
    <subfield code="g">2 (2006), 75-89</subfield>
    <subfield code="t">World Anthropologies Network e-journal (WAN) electronic journal</subfield>
  </datafield>
  <datafield tag="856" ind1="4" ind2=" ">
    <subfield code="s">216595</subfield>
    <subfield code="u">http://zaguan.unizar.es/record/149773/files/texto_completo.pdf</subfield>
    <subfield code="y">Versión publicada</subfield>
  </datafield>
  <datafield tag="856" ind1="4" ind2=" ">
    <subfield code="s">2036527</subfield>
    <subfield code="u">http://zaguan.unizar.es/record/149773/files/texto_completo.jpg?subformat=icon</subfield>
    <subfield code="x">icon</subfield>
    <subfield code="y">Versión publicada</subfield>
  </datafield>
  <datafield tag="856" ind1="4" ind2="1">
    <subfield code="u">https://www.ram-wan.net/en_US/e-journal/</subfield>
    <subfield code="z">Texto completo de la revista</subfield>
  </datafield>
  <datafield tag="909" ind1="C" ind2="O">
    <subfield code="o">oai:zaguan.unizar.es:149773</subfield>
    <subfield code="p">articulos</subfield>
    <subfield code="p">driver</subfield>
  </datafield>
  <datafield tag="951" ind1=" " ind2=" ">
    <subfield code="a">2025-10-17-14:23:18</subfield>
  </datafield>
  <datafield tag="980" ind1=" " ind2=" ">
    <subfield code="a">ARTICLE</subfield>
  </datafield>
</record>
</collection>